000 00599nam a2200181Ia 4500
008 090630s9999 xx 000 0 und d
082 _b1796
100 _aसाठे शंकर गो.
245 _aपहाटेची चाहुल.
_cसाठे शंकर गो.
260 _bपॉप्युलर.
_c1960
300 _a95
600 _aसाठे शंकर गो.
630 _aपहाटेची चाहुल.
655 _aनाटक.
700 _aसाठे शंकर गो.
730 _aपहाटेची चाहुल.
942 _cBOOK
999 _c253652
_d253652